[Event "NB II. Barcza csoport"]
[Site "Debrecen"]
[Date "2024.04.07"]
[Round "7.11"]
[White "Kiraly, Lilla Virag"]
[Black "Bekesi, Aron"]
[Result "1-0"]
[WhiteElo "1906"]
[BlackElo "1785"]
[PlyCount "121"]
[EventDate "2023.10.08"]
[EventType "team-tourn"]
[EventRounds "9"]
[EventCountry "HUN"]
[Source "chess.hu"]
[WhiteTeam "Edelenyi VSE"]
[BlackTeam "Karsol-DSBK"]
[WhiteTeamCountry "HUN"]
[BlackTeamCountry "HUN"]

1. e4 e5 2. Nc3 Nf6 3. Bc4 Nc6 4. d3 Bc5 5. f4 exf4 6. Bxf4 d6 7. Nf3 Bg4 8.
Na4 Nh5 9. Bd2 Nd4 10. Nxc5 Bxf3 11. gxf3 Qh4+ 12. Kf1 Ng3+ 13. Kg2 Nxh1 14. c3
Nf2 15. Qa4+ c6 16. cxd4 dxc5 17. Be1 Qh3+ 18. Kxf2 Qxh2+ 19. Kf1 Qxb2 20. Qd1
Qxd4 21. Rc1 b6 22. Bc3 Qd7 23. Rc2 O-O-O 24. Ba6+ Kb8 25. Be5+ Ka8 26. Rb2 f6
27. Bg3 b5 28. a4 Qd4 29. Qc2 b4 30. a5 h5 31. Bf2 Qd7 32. Bxc5 Rb8 33. Bf2 h4
34. Bg1 Qh3+ 35. Ke1 Qg3+ 36. Qf2 Qxf2+ 37. Kxf2 h3 38. Bh2 c5 39. Rb1 Rbd8 40.
Bg3 h2 41. Rh1 b3 42. Kg2 b2 43. Bc7 Rdf8 44. Bd6 Rd8 45. Bc7 Rdf8 46. Bc4 Kb7
47. Bd6 Rd8 48. Bxc5 Rb8 49. Bd6 Rbd8 50. Ba3 Kc6 51. Bxb2 Rb8 52. Bd4 a6 53.
Rxh2 Rxh2+ 54. Kxh2 Rb4 55. Bb6 Kb7 56. Kg3 Rb1 57. Kg4 Rb2 58. f4 Rg2+ 59. Kf5
g5 60. e5 Re2 61. exf6 1-0

[Event "NB II. Barcza csoport"]
[Site "Debrecen"]
[Date "2024.04.07"]
[Round "7.12"]
[White "Barna, Peter"]
[Black "Kollar, Balazs"]
[Result "1-0"]
[WhiteElo "1766"]
[BlackElo "1576"]
[PlyCount "73"]
[EventDate "2023.10.08"]
[EventType "team-tourn"]
[EventRounds "9"]
[EventCountry "HUN"]
[Source "chess.hu"]
[WhiteTeam "Karsol-DSBK"]
[BlackTeam "Edelenyi VSE"]
[WhiteTeamCountry "HUN"]
[BlackTeamCountry "HUN"]

1. e4 d5 2. exd5 Qxd5 3. Nc3 Qa5 4. d4 Nf6 5. Bd2 c6 6. Bc4 Bf5 7. Nf3 e6 8.
Ne5 Qc7 9. g4 Be4 10. Nxe4 Nxe4 11. Be3 Bd6 12. f4 Nd7 13. c3 Qb6 14. Qe2 Qc7
15. Bc1 Nef6 16. g5 Bxe5 17. fxe5 Nd5 18. Rf1 N7b6 19. Bd3 O-O-O 20. Bd2 Qe7
21. O-O-O g6 22. a3 Rhf8 23. h4 Kb8 24. c4 Nc7 25. Bb4 Qd7 26. Bxf8 Rxf8 27.
Rf4 Ne8 28. Rdf1 Ng7 29. Qf2 Nf5 30. Bxf5 exf5 31. b3 Rd8 32. Rd1 Qe6 33. Kb2
c5 34. Qe1 Nxc4+ 35. bxc4 Qxc4 36. dxc5 Qb5+ 37. Rb4 1-0

[Event "NB II. Barcza csoport"]
[Site "Miskolc"]
[Date "2024.04.07"]
[Round "7.1"]
[White "Becskei, Zoltan"]
[Black "Kassay, Lilla"]
[Result "0-1"]
[WhiteElo "2247"]
[BlackElo "2043"]
[PlyCount "138"]
[EventDate "2023.10.08"]
[EventType "team-tourn"]
[EventRounds "9"]
[EventCountry "HUN"]
[Source "chess.hu"]
[WhiteTeam "Mezokovesd  Zsory SE"]
[BlackTeam "M.Sportisk-KisBocsok"]
[WhiteTeamCountry "HUN"]
[BlackTeamCountry "HUN"]

1. e4 c6 2. d4 d5 3. exd5 cxd5 4. Bd3 Nc6 5. c3 g6 6. Bf4 Bg7 7. Nf3 Bf5 8.
Bxf5 gxf5 9. O-O Nf6 10. Nbd2 O-O 11. Nb3 e6 12. Nc5 b6 13. Nd3 Ne4 14. Nfe5
Nxe5 15. Nxe5 f6 16. Nd3 Re8 17. Qh5 Qd7 18. Rae1 Rad8 19. Re3 Qf7 20. Qh4 Qg6
21. Rh3 Rd7 22. f3 Ng5 23. Rg3 h6 24. Bc1 Qf7 25. Qf4 Qf8 26. h4 Nf7 27. Rh3
Qd6 28. Qe3 e5 29. Nf4 Rdd8 30. Nh5 f4 31. Qf2 Qe6 32. Qc2 Nd6 33. g4 Qf7 34.
Rh2 Rc8 35. Qd1 Rc4 36. Rd2 Nf5 37. Nxf6+ Bxf6 38. gxf5 exd4 39. Rg2+ Kh7 40.
b3 Rxc3 41. Bxf4 Bg7 42. Bc1 Rg8 43. Bb2 Rc7 44. Qd3 Bf6 45. Rff2 Bxh4 46. f6+
Rg6 47. Re2 Qxf6 48. Ba3 Bg5 49. Rg4 Be3+ 50. Kh2 Rcg7 51. Reg2 Bg5 52. Kh3 Be3
53. f4 h5 54. Rg5 Kh6 55. Bf8 Rxg5 56. fxg5+ Bxg5 57. Bxg7+ Kxg7 58. Qe2 Qf5+
59. Kh2 Kh6 60. Rf2 Bf4+ 61. Kg2 Qg6+ 62. Kh1 Be3 63. Rf1 Qe4+ 64. Rf3 Qh4+ 65.
Kg2 Qg4+ 66. Kh2 Qg1+ 67. Kh3 Qh1+ 68. Kg3 Kg5 69. Rxe3 Qg1+ 0-1

[Event "NB II. Barcza csoport"]
[Site "Miskolc"]
[Date "2024.04.07"]
[Round "7.2"]
[White "Csendi, Balazs"]
[Black "Kerek, Krisztian"]
[Result "1-0"]
[WhiteElo "2049"]
[BlackElo "2213"]
[PlyCount "79"]
[EventDate "2023.10.08"]
[EventType "team-tourn"]
[EventRounds "9"]
[EventCountry "HUN"]
[Source "chess.hu"]
[WhiteTeam "M.Sportisk-KisBocsok"]
[BlackTeam "Mezokovesd  Zsory SE"]
[WhiteTeamCountry "HUN"]
[BlackTeamCountry "HUN"]

1. e4 c5 2. Nf3 Nc6 3. d4 cxd4 4. Nxd4 g6 5. Nc3 Bg7 6. Be3 Nf6 7. Nb3 O-O 8.
Be2 b6 9. Qd2 Bb7 10. f3 a5 11. Na4 d6 12. Bxb6 Qc8 13. Be3 Nd7 14. O-O Qc7 15.
Nc3 Rfc8 16. Nd4 a4 17. Nxc6 Bxc6 18. Bd4 Bxd4+ 19. Qxd4 a3 20. b3 Bb7 21. Bc4
Nb6 22. Nb5 Qc5 23. Bd3 Ba6 24. Qxc5 Rxc5 25. c4 Bxb5 26. cxb5 Rac8 27. Kf2 Nd7
28. f4 Rc3 29. Bc4 Rc2+ 30. Kg1 Nb6 31. Rfc1 Rb2 32. Kf1 e6 33. Ke1 Rxg2 34.
Be2 Rxh2 35. Rxc8+ Nxc8 36. Kd2 d5 37. exd5 exd5 38. Rc1 Nd6 39. b6 Rh4 40. Rc6
1-0

[Event "NB II. Barcza csoport"]
[Site "Miskolc"]
[Date "2024.04.07"]
[Round "7.3"]
[White "Paal-Szucs, Attila"]
[Black "Vanczak, Attila"]
[Result "0-1"]
[WhiteElo "2035"]
[BlackElo "2116"]
[PlyCount "94"]
[EventDate "2023.10.08"]
[EventType "team-tourn"]
[EventRounds "9"]
[EventCountry "HUN"]
[Source "chess.hu"]
[WhiteTeam "Mezokovesd  Zsory SE"]
[BlackTeam "M.Sportisk-KisBocsok"]
[WhiteTeamCountry "HUN"]
[BlackTeamCountry "HUN"]

1. e4 Nc6 2. Nf3 d5 3. Nc3 dxe4 4. Nxe4 Nf6 5. Nxf6+ exf6 6. d4 Bd6 7. Be2 O-O
8. O-O Ne7 9. c4 c6 10. b3 Re8 11. Bb2 Ng6 12. g3 Bh3 13. Re1 h5 14. Bf1 Qd7
15. Qd3 h4 16. Rxe8+ Rxe8 17. Re1 Rxe1 18. Nxe1 Bxf1 19. Qxf1 Qe6 20. Bc3 hxg3
21. hxg3 Bxg3 22. fxg3 Qe3+ 23. Qf2 Qxc3 24. Kg2 Ne7 25. Nf3 Nf5 26. Qe2 Kf8
27. Qe4 g6 28. g4 Qb2+ 29. Kh3 Nh6 30. Qf4 Kg7 31. g5 fxg5 32. Nxg5 Qc3+ 33.
Nf3 Qd3 34. Qe5+ Kh7 35. Kg2 Qc2+ 36. Kg1 Qd1+ 37. Kg2 Qc2+ 38. Kg1 Qf5 39. Qe3
Ng4 40. Qe2 Qf4 41. Kg2 Ne3+ 42. Kf2 Nf5 43. d5 cxd5 44. cxd5 Nd4 45. Qe4 Qxf3+
46. Qxf3 Nxf3 47. Kxf3 Kg7 0-1

[Event "NB II. Barcza csoport"]
[Site "Miskolc"]
[Date "2024.04.07"]
[Round "7.4"]
[White "Zelena, Tamas"]
[Black "Pap, Janos"]
[Result "1/2-1/2"]
[WhiteElo "1990"]
[BlackElo "2009"]
[PlyCount "22"]
[EventDate "2023.10.08"]
[EventType "team-tourn"]
[EventRounds "9"]
[EventCountry "HUN"]
[Source "chess.hu"]
[WhiteTeam "M.Sportisk-KisBocsok"]
[BlackTeam "Mezokovesd  Zsory SE"]
[WhiteTeamCountry "HUN"]
[BlackTeamCountry "HUN"]

1. e4 c5 2. Nf3 d6 3. d4 cxd4 4. Nxd4 Nf6 5. Nc3 a6 6. Bg5 e6 7. f4 Qb6 8. Nb3
Nbd7 9. Qf3 Qc7 10. O-O-O b5 11. a3 Bb7 1/2-1/2

[Event "NB II. Barcza csoport"]
[Site "Miskolc"]
[Date "2024.04.07"]
[Round "7.5"]
[White "Zelei, Zoltan"]
[Black "Ivan, Reka Gyongyver"]
[Result "1-0"]
[WhiteElo "2066"]
[BlackElo "1915"]
[PlyCount "73"]
[EventDate "2023.10.08"]
[EventType "team-tourn"]
[EventRounds "9"]
[EventCountry "HUN"]
[Source "chess.hu"]
[WhiteTeam "Mezokovesd  Zsory SE"]
[BlackTeam "M.Sportisk-KisBocsok"]
[WhiteTeamCountry "HUN"]
[BlackTeamCountry "HUN"]

1. e4 c6 2. d4 d5 3. exd5 cxd5 4. Bd3 Nc6 5. c3 Nf6 6. Bf4 g6 7. h3 Bg7 8. Nf3
O-O 9. O-O Nh5 10. Bh2 Bh6 11. Re1 Nf4 12. Bf1 Bf5 13. g4 Bxb1 14. Rxb1 e6 15.
Bg3 Re8 16. Kh1 g5 17. Bxf4 gxf4 18. Bd3 Ne7 19. Qd2 Ng6 20. Bxg6 hxg6 21. h4
g5 22. hxg5 Bxg5 23. Kg2 Qf6 24. Rh1 Bh6 25. Qd3 Bg7 26. Ne5 Rad8 27. Rh5 a6
28. Rbh1 Kf8 29. Rh7 Kg8 30. R1h5 f3+ 31. Nxf3 Qg6 32. Rxg7+ Kxg7 33. Rg5 Qxg5
34. Nxg5 Rh8 35. Qg3 Rd7 36. Nf3 f6 37. g5 1-0

[Event "NB II. Barcza csoport"]
[Site "Miskolc"]
[Date "2024.04.07"]
[Round "7.6"]
[White "Horvath, Peter"]
[Black "Kelemen, Gyorgy"]
[Result "1/2-1/2"]
[WhiteElo "1949"]
[BlackElo "1976"]
[PlyCount "27"]
[EventDate "2023.10.08"]
[EventType "team-tourn"]
[EventRounds "9"]
[EventCountry "HUN"]
[Source "chess.hu"]
[WhiteTeam "M.Sportisk-KisBocsok"]
[BlackTeam "Mezokovesd  Zsory SE"]
[WhiteTeamCountry "HUN"]
[BlackTeamCountry "HUN"]

1. e4 c5 2. Nf3 Nc6 3. Bb5 e6 4. O-O Nge7 5. d4 cxd4 6. Nxd4 Nxd4 7. Qxd4 Nc6
8. Bxc6 bxc6 9. e5 d5 10. exd6 Qxd6 11. Be3 e5 12. Qa4 Be7 13. Nc3 O-O 14. Rfd1
1/2-1/2

[Event "NB II. Barcza csoport"]
[Site "Miskolc"]
[Date "2024.04.07"]
[Round "7.7"]
[White "Kantor, Jozsef"]
[Black "Szurovszky, Elek"]
[Result "1/2-1/2"]
[WhiteElo "1873"]
[BlackElo "1931"]
[PlyCount "111"]
[EventDate "2023.10.08"]
[EventType "team-tourn"]
[EventRounds "9"]
[EventCountry "HUN"]
[Source "chess.hu"]
[WhiteTeam "Mezokovesd  Zsory SE"]
[BlackTeam "M.Sportisk-KisBocsok"]
[WhiteTeamCountry "HUN"]
[BlackTeamCountry "HUN"]

1. d4 Nf6 2. Nf3 b6 3. c4 Bb7 4. Nc3 e6 5. g3 Be7 6. Bg2 O-O 7. O-O d6 8. Bg5
Nbd7 9. Rc1 h6 10. Bxf6 Nxf6 11. Re1 Ne4 12. d5 Nxc3 13. Rxc3 e5 14. e4 Bc8 15.
Qc2 a5 16. a4 f5 17. Nd2 f4 18. Nf1 Qe8 19. b3 Qg6 20. h3 Bd7 21. Nh2 Rf7 22.
Qe2 Raf8 23. gxf4 Rxf4 24. Rg3 Qf7 25. Rf3 Bg5 26. Rxf4 Bxf4 27. Ng4 Qg6 28.
Kh1 Qg5 29. Ne3 Qh4 30. Nf5 Bxf5 31. exf5 Rxf5 32. Rf1 Rg5 33. Rd1 Rg6 34. Rd3
Qg5 35. Qe4 Qf6 36. Kg1 h5 37. Kf1 h4 38. Bf3 Qg5 39. Bg4 Kf8 40. Qf5+ Qxf5 41.
Bxf5 Rf6 42. Be4 Ke7 43. Rf3 g5 44. Kg2 Rf8 45. Rd3 Kf6 46. Kf3 Kg7 47. Kg4 Kh6
48. Rf3 Rf7 49. Rd3 Kg7 50. Rf3 Rf6 51. Rd3 Kh6 52. Rf3 Rf8 53. Rd3 Bd2 54. Rf3
Bf4 55. Rd3 Kg7 56. Rf3 1/2-1/2

[Event "NB II. Barcza csoport"]
[Site "Miskolc"]
[Date "2024.04.07"]
[Round "7.8"]
[White "Ujpal, Balint"]
[Black "Hunko, Gyorgy"]
[Result "1-0"]
[WhiteElo "1897"]
[BlackElo "1856"]
[PlyCount "49"]
[EventDate "2023.10.08"]
[EventType "team-tourn"]
[EventRounds "9"]
[EventCountry "HUN"]
[Source "chess.hu"]
[WhiteTeam "M.Sportisk-KisBocsok"]
[BlackTeam "Mezokovesd  Zsory SE"]
[WhiteTeamCountry "HUN"]
[BlackTeamCountry "HUN"]

1. Nf3 d5 2. g3 Nc6 3. d4 Bf5 4. Bg2 Qd7 5. c4 e6 6. O-O Nf6 7. Nc3 Be7 8. Ne5
Nxe5 9. dxe5 Ng4 10. cxd5 O-O 11. e4 Nxe5 12. exf5 exf5 13. Bf4 Bd6 14. Qd4 f6
15. a4 a6 16. b4 g5 17. Bd2 Qe7 18. f4 Bxb4 19. d6 Bxd6 20. Qd5+ Nf7 21. Rae1
Qd7 22. fxg5 c6 23. Qxf5 Bc5+ 24. Qxc5 Qxd2 25. Ne4 1-0

[Event "NB II. Barcza csoport"]
[Site "Miskolc"]
[Date "2024.04.07"]
[Round "7.9"]
[White "Toth, Laszlo"]
[Black "Homolya, Daniel"]
[Result "1-0"]
[WhiteElo "1855"]
[BlackElo "1718"]
[PlyCount "61"]
[EventDate "2023.10.08"]
[EventType "team-tourn"]
[EventRounds "9"]
[EventCountry "HUN"]
[Source "chess.hu"]
[WhiteTeam "Mezokovesd  Zsory SE"]
[BlackTeam "M.Sportisk-KisBocsok"]
[WhiteTeamCountry "HUN"]
[BlackTeamCountry "HUN"]

1. d4 Nf6 2. c4 g6 3. Nc3 Bg7 4. e4 d6 5. h3 O-O 6. Nf3 Nbd7 7. Be3 e5 8. d5 a5
9. a3 Ne8 10. g4 Nc5 11. Nd2 Nxe4 12. Ndxe4 f5 13. Bg5 Qd7 14. Nd2 e4 15. Bh4
Nf6 16. Be2 h6 17. g5 Nh7 18. Rg1 Qe7 19. gxh6 Qxh4 20. hxg7 Kxg7 21. Nf1 Ng5
22. Qd4+ Rf6 23. O-O-O Nxh3 24. Ng3 Nxg1 25. Rxg1 Qf4+ 26. Kc2 Kf7 27. Nb5 c5
28. dxc6 bxc6 29. Nh5 gxh5 30. Bxh5+ Ke6 31. Nc7+ 1-0

[Event "NB II. Barcza csoport"]
[Site "Miskolc"]
[Date "2024.04.07"]
[Round "7.10"]
[White "Homolya, Gabor"]
[Black "Pota, Lajos"]
[Result "1/2-1/2"]
[WhiteElo "1682"]
[BlackElo "1684"]
[PlyCount "126"]
[EventDate "2023.10.08"]
[EventType "team-tourn"]
[EventRounds "9"]
[EventCountry "HUN"]
[Source "chess.hu"]
[WhiteTeam "M.Sportisk-KisBocsok"]
[BlackTeam "Mezokovesd  Zsory SE"]
[WhiteTeamCountry "HUN"]
[BlackTeamCountry "HUN"]

1. c4 e5 2. Nc3 Nf6 3. d3 h6 4. g3 Bc5 5. Bg2 O-O 6. Nf3 Nc6 7. O-O d6 8. a3
Be6 9. b4 Bd4 10. Bb2 Rb8 11. e3 Bxc3 12. Bxc3 Qd7 13. b5 Ne7 14. Qa4 a6 15.
Qb4 axb5 16. Qxb5 c6 17. Qb2 Bh3 18. Rab1 Bxg2 19. Kxg2 b5 20. cxb5 Rxb5 21.
Qc2 Rfb8 22. Nd2 Ned5 23. Rxb5 Rxb5 24. Nc4 Nxc3 25. Qxc3 e4 26. d4 c5 27. Rd1
Qg4 28. Qc2 cxd4 29. Rxd4 Rh5 30. Kf1 Rxh2 31. Ke1 Qf3 32. Qe2 Rh1+ 33. Kd2 Qf5
34. Rxd6 Qb5 35. Rb6 Qd5+ 36. Kc2 Qd7 37. Rb4 Nd5 38. Rb3 Qa4 39. Kb2 Rb1+ 40.
Kxb1 Qxb3+ 41. Kc1 Nc3 42. Qc2 Qxc4 43. Kd2 Qa2 44. Qxa2 Nxa2 45. Kc2 Kf8 46.
Kb2 Nc1 47. Kxc1 Ke7 48. Kc2 Kd6 49. Kc3 Kc5 50. a4 f5 51. a5 h5 52. a6 Kb6 53.
a7 Kxa7 54. Kd4 g5 55. Ke5 h4 56. gxh4 gxh4 57. Kf4 Kb6 58. f3 exf3 59. Kxf3
Kc6 60. e4 Kd6 61. exf5 Ke5 62. Kg4 h3 63. Kxh3 Kxf5 1/2-1/2

[Event "NB II. Barcza csoport"]
[Site "Miskolc"]
[Date "2024.04.07"]
[Round "7.11"]
[White "Gaspar, Muriel Aranka"]
[Black "Gal, Andras"]
[Result "0-1"]
[WhiteElo "1672"]
[BlackElo "1678"]
[PlyCount "30"]
[EventDate "2023.10.08"]
[EventType "team-tourn"]
[EventRounds "9"]
[EventCountry "HUN"]
[Source "chess.hu"]
[WhiteTeam "Mezokovesd  Zsory SE"]
[BlackTeam "M.Sportisk-KisBocsok"]
[WhiteTeamCountry "HUN"]
[BlackTeamCountry "HUN"]

1. d4 d5 2. Nc3 Nf6 3. Bg5 Bf5 4. Bxf6 gxf6 5. g3 e6 6. Bg2 c5 7. e4 cxd4 8.
Qxd4 Nc6 9. Qa4 Qb6 10. Nge2 dxe4 11. Nxe4 O-O-O 12. O-O Kb8 13. N2c3 Rd4 14.
Nxf6 Be7 15. Ncd5 exd5 0-1

[Event "NB II. Barcza csoport"]
[Site "Miskolc"]
[Date "2024.04.07"]
[Round "7.12"]
[White "Simon, Balint"]
[Black "Zaborszki, Aron"]
[Result "1-0"]
[WhiteElo "1718"]
[BlackElo "1432"]
[PlyCount "55"]
[EventDate "2023.10.08"]
[EventType "team-tourn"]
[EventRounds "9"]
[EventCountry "HUN"]
[Source "chess.hu"]
[WhiteTeam "M.Sportisk-KisBocsok"]
[BlackTeam "Mezokovesd  Zsory SE"]
[WhiteTeamCountry "HUN"]
[BlackTeamCountry "HUN"]

1. e4 e5 2. Nf3 Nc6 3. Bb5 d6 4. h3 Nf6 5. d3 a6 6. Ba4 Be6 7. c3 b5 8. Bc2 d5
9. exd5 Bxd5 10. Nbd2 Bc5 11. O-O O-O 12. Re1 Qd6 13. Nf1 Rae8 14. Be3 b4 15.
Bxc5 Qxc5 16. Rc1 bxc3 17. Ba4 Re6 18. Rxc3 Qb6 19. Bxc6 Bxc6 20. b3 Bxf3 21.
Qxf3 Qb4 22. Rec1 Qb8 23. Rxc7 e4 24. dxe4 Rxe4 25. Ng3 Nd5 26. R7c5 Rf4 27.
Qxd5 Rd8 28. Qxd8+ 1-0

[Event "NB II. Barcza csoport"]
[Site "Edeleny"]
[Date "2024.04.21"]
[Round "8.1"]
[White "Kassay, Lilla"]
[Black "Kiss, Pal"]
[Result "0-1"]
[WhiteElo "2043"]
[BlackElo "2244"]
[PlyCount "82"]
[EventDate "2023.10.08"]
[EventType "team-tourn"]
[EventRounds "9"]
[EventCountry "HUN"]
[Source "chess.hu"]
[WhiteTeam "M.Sportisk-KisBocsok"]
[BlackTeam "Edelenyi VSE"]
[WhiteTeamCountry "HUN"]
[BlackTeamCountry "HUN"]

1. e4 c5 2. Nf3 Nc6 3. d4 cxd4 4. Nxd4 Nf6 5. Nc3 e5 6. Ndb5 d6 7. Bg5 a6 8.
Na3 Be6 9. Nc4 Rc8 10. Ne3 Be7 11. Bxf6 Bxf6 12. Ncd5 Bg5 13. c3 O-O 14. h4
Bxe3 15. Nxe3 Ne7 16. Be2 d5 17. exd5 Nxd5 18. Nxd5 Bxd5 19. O-O Rc6 20. Qd2
Rd6 21. Qg5 Rg6 22. Qxd8 Rxg2+ 23. Kh1 Rxd8 24. Rfe1 Rxf2+ 25. Kg1 Rg2+ 26. Kf1
Rg6 27. Rad1 Rf6+ 28. Kg1 Rfd6 29. b3 Bc6 30. Rxd6 Rxd6 31. Bf1 f6 32. Re2 Bf3
33. Rf2 e4 34. Kh2 g5 35. Kg3 Kg7 36. c4 h6 37. c5 Rd1 38. hxg5 hxg5 39. Bc4 f5
40. Rh2 f4+ 41. Kf2 g4 0-1

[Event "NB II. Barcza csoport"]
[Site "Edeleny"]
[Date "2024.04.21"]
[Round "8.2"]
[White "Barva, Attila Dr"]
[Black "Csendi, Balazs"]
[Result "1-0"]
[WhiteElo "2358"]
[BlackElo "2049"]
[PlyCount "61"]
[EventDate "2023.10.08"]
[EventType "team-tourn"]
[EventRounds "9"]
[EventCountry "HUN"]
[Source "chess.hu"]
[WhiteTeam "Edelenyi VSE"]
[BlackTeam "M.Sportisk-KisBocsok"]
[WhiteTeamCountry "HUN"]
[BlackTeamCountry "HUN"]

1. d4 Nf6 2. Nf3 e6 3. c4 c5 4. d5 b5 5. dxe6 fxe6 6. cxb5 d5 7. Nc3 Bb7 8. e4
d4 9. e5 Ng4 10. h3 Nh6 11. Bxh6 gxh6 12. Na4 Nd7 13. Bc4 Qa5+ 14. Nd2 O-O-O
15. Bxe6 Bxg2 16. Rg1 Bb7 17. Qb3 Kb8 18. f4 Be7 19. O-O-O Nf8 20. Nc4 Qc7 21.
Bf5 Ng6 22. Bxg6 hxg6 23. b6 axb6 24. Rxg6 b5 25. Qxb5 Qd7 26. Rb6 Qxb5 27.
Rxb5 Rhf8 28. Na5 Rd7 29. Nc6+ Kc7 30. Nxe7 Rxe7 31. Rxc5+ 1-0

[Event "NB II. Barcza csoport"]
[Site "Edeleny"]
[Date "2024.04.21"]
[Round "8.3"]
[White "Vanczak, Attila"]
[Black "Vodila, Martin Botond"]
[Result "1/2-1/2"]
[WhiteElo "2116"]
[BlackElo "2230"]
[PlyCount "47"]
[EventDate "2023.10.08"]
[EventType "team-tourn"]
[EventRounds "9"]
[EventCountry "HUN"]
[Source "chess.hu"]
[WhiteTeam "M.Sportisk-KisBocsok"]
[BlackTeam "Edelenyi VSE"]
[WhiteTeamCountry "HUN"]
[BlackTeamCountry "HUN"]

1. e4 g6 2. d4 Bg7 3. Nc3 c6 4. Be3 d5 5. Be2 dxe4 6. Nxe4 Nf6 7. Nxf6+ Bxf6 8.
Nf3 Bg4 9. c3 O-O 10. O-O Nd7 11. h3 Bxf3 12. Bxf3 Nb6 13. Qb3 Qc7 14. Rad1
Rfd8 15. g3 Nd5 16. Bc1 a5 17. a3 a4 18. Qc2 b5 19. h4 h5 20. Rfe1 Rac8 21. Qe2
Kg7 22. Bg2 Qd7 23. Kh2 Qc7 24. Kg1 1/2-1/2

[Event "NB II. Barcza csoport"]
[Site "Edeleny"]
[Date "2024.04.21"]
[Round "8.4"]
[White "Dudas, Peter"]
[Black "Zelena, Tamas"]
[Result "1/2-1/2"]
[WhiteElo "2166"]
[BlackElo "1990"]
[PlyCount "130"]
[EventDate "2023.10.08"]
[EventType "team-tourn"]
[EventRounds "9"]
[EventCountry "HUN"]
[Source "chess.hu"]
[WhiteTeam "Edelenyi VSE"]
[BlackTeam "M.Sportisk-KisBocsok"]
[WhiteTeamCountry "HUN"]
[BlackTeamCountry "HUN"]

1. d4 Nf6 2. c4 e6 3. Nf3 Bb4+ 4. Bd2 Qe7 5. a3 Bxd2+ 6. Nbxd2 d6 7. e4 e5 8.
d5 Bg4 9. Be2 Nbd7 10. O-O O-O 11. Ne1 Bxe2 12. Qxe2 Rfe8 13. Nd3 Nf8 14. b4
Ng6 15. g3 Qd7 16. Kg2 a5 17. c5 axb4 18. axb4 Qb5 19. f3 Ra4 20. Rxa4 Qxa4 21.
cxd6 cxd6 22. Nc4 Rd8 23. Qb2 Qd7 24. b5 Nh5 25. Ne3 Ne7 26. Qb4 f5 27. Nf2 Nf6
28. Rc1 fxe4 29. fxe4 Ra8 30. Nc4 Ra2 31. Qb1 Ra7 32. Ne3 Ra3 33. Nc4 Ra7 34.
Qb2 h5 35. h3 h4 36. g4 Ng6 37. Kg1 Nf4 38. Nb6 Qf7 39. Nc8 Ra4 40. Nxd6 Qg6
41. Nf5 Qg5 42. Rc7 N6h5 43. Qxe5 Nxh3+ 44. Kh2 Qf4+ 45. Qxf4 N5xf4 46. Nxh3
Ra2+ 47. Kh1 Nxh3 48. Nxh4 Nf2+ 49. Kg1 Nxe4 50. Nf5 g6 51. Rg7+ Kf8 52. Rxg6
Kf7 53. Rb6 Rd2 54. Nd6+ Nxd6 55. Rxd6 Rd4 56. Kf2 Rxg4 57. Ke3 Ke7 58. Rb6 Rh4
59. Kd3 Kd7 60. d6 Rg4 61. Kc3 Rh4 62. Kb3 Rg4 63. Rxb7+ Kxd6 64. b6 Kc5 65.
Rc7+ Kxb6 1/2-1/2

[Event "NB II. Barcza csoport"]
[Site "Edeleny"]
[Date "2024.04.21"]
[Round "8.5"]
[White "Ivan, Reka Gyongyver"]
[Black "Ladanyi, Tibor"]
[Result "1/2-1/2"]
[WhiteElo "1915"]
[BlackElo "2015"]
[PlyCount "100"]
[EventDate "2023.10.08"]
[EventType "team-tourn"]
[EventRounds "9"]
[EventCountry "HUN"]
[Source "chess.hu"]
[WhiteTeam "M.Sportisk-KisBocsok"]
[BlackTeam "Edelenyi VSE"]
[WhiteTeamCountry "HUN"]
[BlackTeamCountry "HUN"]

1. d4 Nf6 2. Bg5 c5 3. d5 Ne4 4. Bc1 e6 5. dxe6 fxe6 6. Nd2 Nxd2 7. Bxd2 Be7 8.
Nf3 d5 9. e3 Bf6 10. Rb1 O-O 11. Bd3 Nc6 12. h4 e5 13. Bxh7+ Kxh7 14. Ng5+ Kg8
15. Qh5 Bf5 16. g4 Qe8 17. Qxe8 Raxe8 18. gxf5 Bxg5 19. hxg5 Rxf5 20. e4 dxe4
21. c3 Kf7 22. Rh4 Nd8 23. Rxe4 Ne6 24. Rg4 Kg6 25. Be3 b6 26. Kd2 Rd8+ 27. Kc2
Nf4 28. b3 Nh3 29. Rf1 Rd7 30. Rg3 Nf4 31. Bxf4 exf4 32. Rd3 Rxd3 33. Kxd3 Re5
34. Rg1 Kf5 35. c4 f3 36. Rd1 Kxg5 37. Rg1+ Kf6 38. Rg3 g5 39. Rxf3+ Rf5 40.
Ke4 Rxf3 41. Kxf3 Kf5 42. Kg3 g4 43. f3 gxf3 44. Kxf3 Ke5 45. Ke3 Kf5 46. Kf3
a6 47. a3 b5 48. cxb5 axb5 49. Ke3 Ke5 50. Kd3 Kd5 1/2-1/2

[Event "NB II. Barcza csoport"]
[Site "Edeleny"]
[Date "2024.04.21"]
[Round "8.6"]
[White "Juhasz, Bela"]
[Black "Horvath, Peter"]
[Result "1/2-1/2"]
[WhiteElo "2071"]
[BlackElo "1949"]
[PlyCount "120"]
[EventDate "2023.10.08"]
[EventType "team-tourn"]
[EventRounds "9"]
[EventCountry "HUN"]
[Source "chess.hu"]
[WhiteTeam "Edelenyi VSE"]
[BlackTeam "M.Sportisk-KisBocsok"]
[WhiteTeamCountry "HUN"]
[BlackTeamCountry "HUN"]

1. d4 d5 2. Nf3 c6 3. c4 Nf6 4. Nc3 a6 5. Qb3 dxc4 6. Qxc4 b5 7. Qd3 e6 8. e4
Be7 9. Be2 O-O 10. O-O Bb7 11. Rd1 Nbd7 12. e5 Nd5 13. Nxd5 cxd5 14. Bd2 b4 15.
Rdc1 a5 16. Rc2 Ba6 17. Qe3 Qb6 18. Rac1 Rfc8 19. Rxc8+ Rxc8 20. Rxc8+ Bxc8 21.
Qd3 Nb8 22. Qc2 Qc6 23. Qxc6 Nxc6 24. Kf1 Kf8 25. Ke1 Ke8 26. Bd3 h6 27. h4 Bd7
28. h5 a4 29. Kd1 Na5 30. Kc2 Nc4 31. Bc1 Na5 32. b3 axb3+ 33. axb3 Kd8 34. Be3
Be8 35. g4 Bd7 36. Ne1 Ke8 37. f4 Kf8 38. Nf3 Be8 39. f5 Kg8 40. g5 hxg5 41.
Nxg5 exf5 42. Bxf5 Bxg5 43. Bxg5 g6 44. hxg6 fxg6 45. Be6+ Bf7 46. Bd7 Kf8 47.
Bd2 Ke7 48. Bb5 Ke6 49. Bxb4 Nb7 50. Bd2 Kf5 51. Bd7+ Be6 52. Bxe6+ Kxe6 53.
Kd3 Nd8 54. b4 Kd7 55. b5 Ne6 56. Ke3 Kc7 57. Ba5+ Kb7 58. Kd3 Ka7 59. Ke3 Kb7
60. Kd3 Ka7 1/2-1/2

[Event "NB II. Barcza csoport"]
[Site "Edeleny"]
[Date "2024.04.21"]
[Round "8.7"]
[White "Szurovszky, Elek"]
[Black "Bako, Martin"]
[Result "1-0"]
[WhiteElo "1931"]
[BlackElo "1987"]
[PlyCount "97"]
[EventDate "2023.10.08"]
[EventType "team-tourn"]
[EventRounds "9"]
[EventCountry "HUN"]
[Source "chess.hu"]
[WhiteTeam "M.Sportisk-KisBocsok"]
[BlackTeam "Edelenyi VSE"]
[WhiteTeamCountry "HUN"]
[BlackTeamCountry "HUN"]

1. e4 d5 2. exd5 Qxd5 3. Nc3 Qa5 4. d4 c6 5. Nf3 Nf6 6. Bc4 Bf5 7. O-O e6 8.
Qe2 Bb4 9. Bd2 O-O 10. a3 Bxc3 11. Bxc3 Qc7 12. b4 Nbd7 13. Bb3 Bg4 14. h3 Bh5
15. Bd2 Rfe8 16. g4 Bg6 17. Ne5 Nxe5 18. dxe5 Ne4 19. Bf4 Nc3 20. Qf3 Nb5 21.
Qe3 Red8 22. Rfd1 Rxd1+ 23. Rxd1 Rd8 24. c3 Rxd1+ 25. Bxd1 Qd8 26. Be2 a6 27.
a4 Nc7 28. Qb6 Qc8 29. c4 Bc2 30. a5 h6 31. Be3 Be4 32. Qd4 Bg6 33. Qd6 Na8 34.
h4 Be4 35. g5 hxg5 36. hxg5 Bf5 37. Qe7 Bg6 38. Kh2 Qb8 39. f4 Qc8 40. Bc5 Bf5
41. Kg3 g6 42. Qd6 Kg7 43. Kf2 Kg8 44. Qd1 Qc7 45. Qh1 Qd8 46. Ke3 Qc8 47. Be7
f6 48. Bxf6 Kf7 49. Qh7+ 1-0